Σχεδιασμός, εφαρμογή και αξιολόγηση προγράμματος σπουδών για προγραμματισμό φορητών συσκευών με appinventor για μαθητές Β'θμιας εκπαίδευσης : διπλωματική εργασία [μεταπτυχιακή εργασία]

Αποθηκεύτηκε σε:
Λεπτομέρειες βιβλιογραφικής εγγραφής
Κύριος συγγραφέας: Πλαϊνιώτης, Θεόδωρος
Συγγραφή απο Οργανισμό/Αρχή: Πανεπιστήμιο Αιγαίου Σχολή Ανθρωπιστικών Επιστημών Τμήμα Επιστημών της Προσχολικής Αγωγής και του Εκπαιδευτικού Σχεδιασμού Πρόγραμμα Μεταπτυχιακών Σπουδών Διδακτική Θετικών Επιστημών και Τεχνολογίες της Πληροφορίας και της Επικοινωνίας στην Εκπαίδευση: Διεπιστημονική Προσέγγιση
Μορφή: Thesis Βιβλίο
Γλώσσα:Greek
Δημοσίευση: 2016.
Θέματα:
Διαθέσιμο Online:http://hdl.handle.net/11610/23669
Ετικέτες: Προσθήκη ετικέτας
Δεν υπάρχουν, Καταχωρήστε ετικέτα πρώτοι!

MARC

LEADER 00000cam a2200000 a 4500
001 1/114420
008 170711s2017####gr | ||| |||| ||gre||
040 |a GR-MyUa  |b gre  |c GR-MyUa  |e AACR2 
041 0 |a gre 
082 7 |a 371.334   |2 (23) 
100 1 |a Πλαϊνιώτης, Θεόδωρος. 
245 1 0 |a Σχεδιασμός, εφαρμογή και αξιολόγηση προγράμματος σπουδών για προγραμματισμό φορητών συσκευών με appinventor για μαθητές Β'θμιας εκπαίδευσης :   |b διπλωματική εργασία [μεταπτυχιακή εργασία] /   |c Πλαϊνιώτης Θεόδωρος ; επιβλέπων καθηγητής: Φεσάκης Γεώργιος.  
260 |c 2016.  
300 |a 101 σ. :   |b εικ., πίν. ;   |c 30 εκ.  
500 |a Υπάρχει ψηφιακό αντίγραφο.  
500 |a Μέλη εξεταστικής επιτροπής: Δημητρακοπούλου Αγγελική, Κοντάκος Αναστάσιος.  
502 |a Διατριβή (μεταπτυχιακή) – Πανεπιστήμιο Αιγαίου, Ρόδος, 2016. 
504 |a Βιβλιογραφία: σ. 79-80.  
506 1 |a Πλήρες κείμενο - Ενδοπανεπιστημιακή δημοσίευση.  
650 0 |a Education  |x Data processing. 
650 0 |a Educational technology. 
650 0 |a Internet in education. 
650 0 |a Education  |x Curricula  |x Data processing. 
650 0 |a Computer games  |x Design. 
650 0 |a Level design (Computer science) 
700 1 |a Φεσάκης, Γεώργιος,  |e dgs 
710 2 |a Πανεπιστήμιο Αιγαίου   |b Σχολή Ανθρωπιστικών Επιστημών   |b Τμήμα Επιστημών της Προσχολικής Αγωγής και του Εκπαιδευτικού Σχεδιασμού   |b Πρόγραμμα Μεταπτυχιακών Σπουδών Διδακτική Θετικών Επιστημών και Τεχνολογίες της Πληροφορίας και της Επικοινωνίας στην Εκπαίδευση: Διεπιστημονική Προσέγγιση. 
852 |a INST  |b RHODES  |c DIATR  |e 20170711  |h 371.334 ΠΛΑ  |p 005400039354  |q 005400039354  |t MTXE  |y 23 
856 |u http://hdl.handle.net/11610/23669 
924 |a Πλαϊνιώτης   |b Θεόδωρος  |y Ρόδος  |z 2017-04  
970 |z 11-07-2017